Technické památky zemí Visegrádské čtyřky /

Enregistré dans:
Détails bibliographiques
Format: Livre
Langue:tchèque
slovaque
polonais
hongrois
Publié: Praha: Česká komora autorizovaných inženýrú a technikú činných ve stavbě a Český svaz stavebních inženýrú ve spolupráci s Národním technickým muzeem Praha , 2011
Édition:1.vyd.
Sujets:
Tags: Ajouter un tag
Pas de tags, Soyez le premier à ajouter un tag!

MARC

LEADER 00000nam a22000003a 4500
001 0008329
003 SK-STU
005 20151026141634.2
007 ta
008 151026s ----xo-----e------000-0-----d
020 |a 978-80-7393-200-8 
040 |a STU  |b slo 
041 0 |a cze  |a slo  |a pol  |a hun  |h cze 
044 |a xr 
245 1 0 |a Technické památky zemí Visegrádské čtyřky /  |c ed. Kolektív editorov 
246 3 1 |a Technické pamiatky krajín Vyšehradskej štvorky 
246 3 1 |a Zabytki techniki krajów Wyszehradzkiej czwórki 
246 3 1 |a A Visegrádi négyek országainak technikai muemlékei 
250 |a 1.vyd. 
260 |a Praha:  |b Česká komora autorizovaných inženýrú a technikú činných ve stavbě a Český svaz stavebních inženýrú ve spolupráci s Národním technickým muzeem Praha ,  |c 2011 
300 |a 112 s. 
500 |a Publikácia vydaná súbežne v 4 jazykoch 
650 0 7 |a pamiatky technické 
996 |b 284V036887  |c V* 52226/O-23387  |l VVT  |s A  |a 24  |w 0008329_0001